LEADER 02454nam 2200349 450 001 9910725996203321 005 20230624214220.0 035 $a(CKB)5470000002601698 035 $a(NjHacI)995470000002601698 035 $a(EXLCZ)995470000002601698 100 $a20230624d2019 uy 0 101 0 $afre 135 $aur||||||||||| 181 $ctxt$2rdacontent 182 $cc$2rdamedia 183 $acr$2rdacarrier 200 10$aVulne?rables ou dangereux? $eune anthropologie du souci des adolescents difficiles = Vulnerable or dangerous? : an anthropology of care for difficult adolescents /$fYannis Gansel, Richard Rechtman 210 1$aLyon :$cENS E?ditions,$d[2019] 210 4$dİ2019 215 $a1 online resource 330 $aAu cours des anne?es 2000, une se?rie de transformations institutionnelles traversent le champ de l'adolescence : reconnaissance de la notion de handicap psychique, accumulation de re?formes dans le cadre de la justice des mineurs, de?veloppement de dispositifs d'e?coute de la souffrance. C'est dans ce contexte social que se proble?matise la cate?gorie d'" adolescents difficiles ". Il s'agit d'une population de jeunes qui, ne rentrant pas de fac?on suffisamment satisfaisante dans les cases des savoirs et des pratiques du me?dicosocial, de la protection de l'enfance, de la justice ou du sanitaire, " se font rejeter de partout ". Cette population interstitielle devient alors l'objet spe?cifique d'un souci collectif, de savoirs cliniques et d'actions publiques. Dans quelles conditions historiques et sociales l'expertise clinique a-t-elle identifie? ce proble?me? Comment les acteurs de terrain e?prouvent ce souci? Quelles pratiques de?veloppent-ils pour le traiter? A? partir d'une recherche documentaire et d'une enque?te ethnographique de longue dure?e, cet ouvrage apporte une contribution a? l'anthropologie de la sante? mentale en France. Il explore concre?tement ce que la psychiatrisation signifie, dans le champ des adolescents difficiles, aux confins de la dangerosite? et de la vulne?rabilite?, des pratiques de sollicitude et de contrainte. 606 $aChild welfare 615 0$aChild welfare. 676 $a362.7 700 $aGansel$b Yannis$01297960 702 $aRechtman$b Richard 801 0$bNjHacI 801 1$bNjHacl 906 $aBOOK 912 $a9910725996203321 996 $aVulne?rables ou dangereux$93392954 997 $aUNINA LEADER 01321nas# 22003011i 450 001 UON00033540 005 20231205102112.110 011 $a0127-9734 100 $a20020107a1997 |0itac50 ba 101 $aeng 102 $aMY 105 $a|||| 1|||| 110 $aaQ||||||||| 200 1 $aA.I.F.M. Insight$eNewsletter of the ASEAN Institute of Forest Management Kuala Lumpur$eASEAN, Institute of Forest Management v. ; 30 cm Trimestrale 210 $aDescrizione basata su: vol. 19(1997) n. 1 517 1$3UON00355118$aASEAN Institute of Forest Management 620 $aMY$dKuala Lumpur$3UONL000249 686 $aMY$cMALESIA - PERIODICI$2A 686 $aDONO$cPERIODICI - DONO$2A 686 $aPERIODICI NON ATTIVI$cPERIODICI - NON ATTIVI$2A 712 02$aASEAN$cKuala Lumpur$bInstitute of Forest Management$3UONV021895 712 $aASEAN Institute of Forest Management$3UONV251524$4650 801 $aIT$bSOL$c20240220$gRICA 899 $aSIBA - SISTEMA BIBLIOTECARIO DI ATENEO$2UONSI$419(1997) *1*$cPer Misc 128 geografia 6°piano ; 912 $aUON00033540 950 $aSIBA - SISTEMA BIBLIOTECARIO DI ATENEO$bSI 19(1997) *1*$dSI A Per Misc 128 1997 $eSI SA 87114 7 1997 996 $aA.I.F.M. Insight$91321010 997 $aUNIOR